L'argumentation dans le discours (notice n° 2198484)

détails MARC
000 -LEADER
fixed length control field 01555cam a2200133 4500500
005 - DATE AND TIME OF LATEST TRANSACTION
control field 20260405085544.0
041 ## - LANGUAGE CODE
Language code of text/sound track or separate title fre
042 ## - AUTHENTICATION CODE
Authentication code dc
100 10 - MAIN ENTRY--PERSONAL NAME
Personal name Amossy, Ruth
Relator term author
245 00 - TITLE STATEMENT
Title L'argumentation dans le discours
260 ## - PUBLICATION, DISTRIBUTION, ETC.
Name of publisher, distributor, etc. Armand Colin,<br/>
Date of publication, distribution, etc. 2021.<br/>
520 ## - SUMMARY, ETC.
Summary, etc. Argumenter, c’est tenter d’agir sur son auditoire, lui faire partager ses raisonnements, orienter ses façons de voir et de penser. Comment la parole se dote-t-elle du pouvoir d’influencer son public  ? Par quels moyens verbaux s’assure-t- elle de sa force  ? La question de la parole efficace, qui est au cœur de la réflexion depuis la rhétorique antique, a été remise à l’honneur dans les sciences du langage et de la communication, mais aussi dans d’autres champs d’études comme la littérature ou les sciences politiques. Dans cet ouvrage devenu un classique, l’auteur offre une synthèse de la question. Elle propose aussi une approche originale dite de l’«  argumentation dans le discours  », dont elle précise les procédures et les enjeux. De Jaurès à Le Pen, des débats sur la guerre à l’interview électorale et au texte fictionnel, l’ouvrage se fonde sur de nombreux exemples destinés à concrétiser le propos. Il fournit ce faisant de précieux instruments d’analyse qui permettent de saisir dans leur spécificité les discours politiques, médiatiques et littéraires du passé et du présent.
856 41 - ELECTRONIC LOCATION AND ACCESS
Uniform Resource Identifier <a href="https://shs.cairn.info/l-argumentation-dans-le-discours--9782200630447?lang=fr&redirect-ssocas=7080">https://shs.cairn.info/l-argumentation-dans-le-discours--9782200630447?lang=fr&redirect-ssocas=7080</a>

Pas d'exemplaire disponible.

PLUDOC

PLUDOC est la plateforme unique et centralisée de gestion des bibliothèques physiques et numériques de Guinée administré par le CEDUST. Elle est la plus grande base de données de ressources documentaires pour les Étudiants, Enseignants chercheurs et Chercheurs de Guinée.

Adresse

627 919 101/664 919 101

25 boulevard du commerce
Kaloum, Conakry, Guinée

Réseaux sociaux

Powered by Netsen Group @ 2025